000 00452nab a2200145Ia 4500
003 ES-SlBCS
005 20210601125233.0
008 140529s1974 xxu||||| |||| 00| 0 eng d
041 _aeng
100 1 _aCarter, Robert Edgar
_9155542
245 0 0 _aIntrinsic Value and the Intrinsic Valuer
_c Robert Edgar Carter
650 0 4 _aValores
_9111895
773 0 _tPhilosophy and Phenomenological Research
_gvol. 34, 1974, págs. 504-514
_wRev1411
942 _cAR
999 _c527008
_d527008